| 000 | 00606nam a2200169 a 4500 | ||
|---|---|---|---|
| 005 | 20210223120435.0 | ||
| 008 | 991125s1963 mx 000 0 spa u | ||
| 035 | _aUPN01000001250 | ||
| 049 | _aCG | ||
| 050 | 4 |
_aHD1491 A3 _bB4.28 |
|
| 100 | 1 | _aBenson, George | |
| 245 | 1 | 3 |
_aLa agricultura bajo el comunismo : _bagricultura cooperativa y colectiva en dieciséis países del bloque comunista / _cGeorge Benson ; tr. Francisco González Aramburu. |
| 260 |
_aMéxico : _bLibreros Mexicanos Unidos, _c1963. |
||
| 300 | _a204 p. | ||
| 650 | 4 |
_aCOOPERATIVAS AGRICOLAS - _zPAISES COMUNISTAS _912391 |
|
| 905 | _aLibro | ||
| 999 |
_c1250 _d1250 |
||